01399nab a22002777a 4500999001500000003000400015005001700019008004100036040000700077100002800084245009300112260004200205300001200247500003700259505040200296505008900698650002600787650003000813650003400843650003100877650003300908650002800941650001800969773012100987942001301108 c6377d6377OSt20260201145628.0190506c xxu||||| |||| 00| 0 spa d cPJ 97018aGiagame, Eduardo 13aEl acoso laboral :b¿cómo nos encontramos y hacia dónde vamos? /cEduardo Giagame.  aBuenos Aires :bAbeledoPerrot,c2023. ap. 8-13 aCita: TR LALEY AR/DOC/1465/2023  aSumario: I. Introducción.— II. ¿Qué entendemos por acoso laboral?— III. Contexto y actualidad en la Argentina.— IV. Tratamiento por parte de la Justicia.— V. Legislación y tratamiento en otros países.— VI. Consecuencias y causas del acoso laboral.— VII. ¿Por qué debemos eliminar el acoso laboral?— VIII. ¿Cómo podemos atacar la problemática?— IX. Bibliografía.  t¿Te interesa el texto completo? Comunicate al correo: koha@justierradelfuego.gov.ar 091316aDERECHO LABORAL 091323aCONTRATO DE TRABAJO 094044aPERSPECTIVA DE GÉNERO 091803aRELACIONES LABORALES 091577aDISCRIMINACION LABORAL 095130aVIOLENCIA LABORAL 0aMOBBING915780 0275193202dBuenos Aires : AbeledoPerrot, 2013-tRevista de derecho laboral y seguridad social. Nº 15- Agosto 2023 2udccANA